000 00660pam a2200169 i 4500
020 _a0309026903
082 0 0 _a388.32220973
_bNAT
_cD
100 _aNational Research Council
_926742
110 2 _aNational Research Council (U.S.).
_920017
245 1 0 _aPublic transportation in rural and suburban areas /
_cTransportation Research Board, Commission on Sociotechnical Systems, National Research Council.
260 _aWashington :
_bNational Academy of Sciences,
_c1978.
300 _aiii, 42 p. ;
_c28 cm.
526 _a0
_b0
_c0
_d388_322209730000000_NAT
650 0 _aLocal transit
_zUnited States
_xCongresses.
_938721
650 0 _aMCE
_9379
942 _2ddc
_cBK
999 _c543363
_d543363